000 00442nam a2200193Ia 4500
008 210210b1960 xxu||||| |||| 00| 0 eng d
041 _aeng
082 _a590/22
100 _aBORRADAILE
245 _aManual of elementary zoology
260 _aNew York
_bOxford University Press
_c1960
650 _azoology
650 _aof
650 _aManual
650 _aelementary
690 _aZoology
700 _aYAPP
906 _a010599
999 _c138367
_d138367